[Event "Madrid ch - Semifinal A "]
[Site "Madrid ESP"]
[Date "2015.03.16"]
[Round "4.3"]
[White "Ortega Ruiz, Jose Miguel"]
[Black "Garcia-Ruiz Fuentes, Aitor"]
[Result "1/2-1/2"]
[WhiteElo "2267"]
[BlackElo "2007"]
[PlyCount "92"]
[EventDate "2015.03.09"]
[EventType "swiss"]
[EventRounds "9"]
[EventCountry "ESP"]
[Source "lmi"]
[SourceDate "2015.03.09"]

1. e4 c5 2. Nf3 d6 3. d4 cxd4 4. Nxd4 Nf6 5. Nc3 a6 6. Be2 e5 7. Nb3 Be7 8. O-O
O-O 9. Be3 Be6 10. Nd5 Nbd7 11. f3 Bxd5 12. exd5 b5 13. a4 Nb6 14. axb5 Nbxd5
15. Bf2 axb5 16. Bxb5 Nf4 17. c4 N6h5 18. Qc2 f5 19. Rxa8 Qxa8 20. Ra1 Qd8 21.
Kf1 Bg5 22. Ra6 e4 23. Nd4 Qe7 24. Nc6 Qe6 25. Nd4 Qe7 26. c5 dxc5 27. Nc6 Qb7
28. Qc4+ Kh8 29. Bxc5 Ra8 30. Ne5 h6 31. Nf7+ Kh7 32. Nd6 Rxa6 33. Nxb7 Ra1+
34. Kf2 Nd3+ 35. Qxd3 exd3 36. Bxd3 Bf6 37. b4 Ra2+ 38. Ke3 g6 39. g4 Ng7 40.
Bd6 fxg4 41. fxg4 Rb2 42. Na5 Ne8 43. Nc4 Nxd6 44. Nxb2 Bxb2 45. h4 Kg7 46. h5
gxh5 1/2-1/2

[Event "Madrid ch - Semifinal A "]
[Site "Madrid ESP"]
[Date "2015.03.16"]
[Round "4.4"]
[White "Tejedor Ariza, Francisco"]
[Black "Plazuelo Pascual, Juan"]
[Result "1/2-1/2"]
[WhiteElo "2032"]
[BlackElo "2162"]
[PlyCount "74"]
[EventDate "2015.03.09"]
[EventType "swiss"]
[EventRounds "9"]
[EventCountry "ESP"]
[Source "lmi"]
[SourceDate "2015.03.09"]

1. g3 e5 2. Bg2 d5 3. d3 c6 4. Nf3 Bd6 5. O-O Nf6 6. Nbd2 O-O 7. h3 e4 8. dxe4
dxe4 9. Ng5 e3 10. Nde4 Nxe4 11. Nxe4 exf2+ 12. Kh2 Be5 13. Qxd8 Rxd8 14. Nxf2
Re8 15. e4 Be6 16. Nd3 Bc4 17. Rd1 Bxd3 18. Rxd3 Na6 19. c3 Nc5 20. Rd1 Bf6 21.
Re1 a6 22. Bf4 Rad8 23. Re2 g5 24. Bc7 Rd7 25. Bb6 Na4 26. Be3 h6 27. Rf1 Be5
28. Bf3 Rd3 29. Bh5 Re7 30. Bf2 Red7 31. Be1 Nb6 32. Rf3 Rxf3 33. Bxf3 Rd3 34.
Kg2 Nc4 35. Bf2 b5 36. Rc2 a5 37. Be2 Rd7 1/2-1/2

[Event "Madrid ch - Semifinal A "]
[Site "Madrid ESP"]
[Date "2015.03.16"]
[Round "4.5"]
[White "Cervino Rossel, Cristobal"]
[Black "Santamaria Baeza, Adolfo"]
[Result "1-0"]
[WhiteElo "2102"]
[BlackElo "1905"]
[PlyCount "97"]
[EventDate "2015.03.09"]
[EventType "swiss"]
[EventRounds "9"]
[EventCountry "ESP"]
[Source "lmi"]
[SourceDate "2015.03.09"]

1. d4 Nf6 2. Nf3 e6 3. g3 c5 4. Bg2 Nc6 5. O-O cxd4 6. Nxd4 d5 7. c4 e5 8. Nxc6
bxc6 9. Bg5 e4 10. cxd5 cxd5 11. Bxf6 gxf6 12. Nc3 Be6 13. Qa4+ Qd7 14. Qxd7+
Kxd7 15. Rfd1 Kc6 16. Nxe4 Bg7 17. Rac1+ Kb6 18. Nc3 Rac8 19. Bxd5 Rhd8 20.
Bxe6 fxe6 21. Rxd8 Rxd8 22. Rd1 Rxd1+ 23. Nxd1 Kc5 24. Kf1 f5 25. Ke1 Kd4 26.
Kd2 h5 27. Kc2 e5 28. Ne3 Ke4 29. b4 f4 30. Nf1 Bf6 31. Kc3 Kd5 32. Kb3 Bd8 33.
f3 Bb6 34. Kc3 Bg1 35. gxf4 exf4 36. Kd3 Ke5 37. e4 fxe3 38. Ke2 h4 39. a4 Kd4
40. b5 h3 41. f4 Bf2 42. f5 Bh4 43. Nxe3 Ke4 44. a5 Bd8 45. b6 a6 46. b7 Bc7
47. f6 Bxh2 48. f7 Bd6 49. f8=Q 1-0

[Event "Madrid ch - Semifinal A "]
[Site "Madrid ESP"]
[Date "2015.03.16"]
[Round "4.6"]
[White "Pinel Mirasierra, Jose Pablo"]
[Black "De La Puerta Cresis, Javier"]
[Result "0-1"]
[WhiteElo "2021"]
[BlackElo "2097"]
[PlyCount "86"]
[EventDate "2015.03.09"]
[EventType "swiss"]
[EventRounds "9"]
[EventCountry "ESP"]
[Source "lmi"]
[SourceDate "2015.03.09"]

1. d4 Nf6 2. c4 c5 3. Nf3 cxd4 4. Nxd4 e5 5. Nb5 d5 6. cxd5 Bc5 7. N1c3 a6 8.
Na3 b5 9. Nc2 b4 10. Na4 Ba7 11. Be3 Bxe3 12. Nxe3 Bb7 13. Qb3 Nbd7 14. g3 O-O
15. Bg2 Qa5 16. O-O Qb5 17. Rfe1 e4 18. Rad1 Rfd8 19. Rd4 a5 20. a3 Nf8 21.
Red1 Qxe2 22. axb4 axb4 23. Nc5 Bc8 24. Rxb4 Ng4 25. Nxg4 Bxg4 26. Rf1 f5 27.
d6+ Kh8 28. h3 Bh5 29. g4 fxg4 30. Rxe4 Qd2 31. Rd1 Qg5 32. hxg4 Qxc5 33. gxh5
Rxd6 34. Rxd6 Qxd6 35. Re1 Rb8 36. Qc3 Nd7 37. Qg3 Qb4 38. Re2 Rc8 39. Bh3 Qd4
40. Qe3 Qd6 41. Bxd7 Qxd7 42. Kg2 Qg4+ 43. Kf1 Qxh5 0-1

[Event "Madrid ch - Semifinal A "]
[Site "Madrid ESP"]
[Date "2015.03.16"]
[Round "4.7"]
[White "Correas Gonzalez, Jose Ramon"]
[Black "Fernandez Aransay, Fernando"]
[Result "1-0"]
[WhiteElo "2091"]
[BlackElo "1896"]
[PlyCount "69"]
[EventDate "2015.03.09"]
[EventType "swiss"]
[EventRounds "9"]
[EventCountry "ESP"]
[Source "lmi"]
[SourceDate "2015.03.09"]

1. e4 c5 2. Nf3 d6 3. d4 cxd4 4. Nxd4 Nf6 5. Nc3 g6 6. Be3 Bg7 7. f3 O-O 8. Qd2
Nc6 9. O-O-O d5 10. Qe1 e5 11. Nxc6 bxc6 12. Bc5 Re8 13. Na4 Qc7 14. Kb1 Be6
15. Qb4 Red8 16. Bd3 Rab8 17. Qa3 d4 18. b3 Ne8 19. Nb2 Rd7 20. g4 Nd6 21. Bxd6
Rxd6 22. Nc4 Bxc4 23. Bxc4 a5 24. h4 Bf8 25. Qc1 a4 26. h5 axb3 27. cxb3 Qa7
28. Rh2 Rf6 29. hxg6 Rxg6 30. Rdh1 Ra8 31. Qd2 Bg7 32. Rxh7 Kf8 33. R7h2 Qe7
34. Rh8+ Bxh8 35. Rxh8+ 1-0

[Event "Madrid ch - Semifinal A "]
[Site "Madrid ESP"]
[Date "2015.03.16"]
[Round "4.8"]
[White "Roldan Garcia, Angel"]
[Black "Rodriguez De Castro, Ayar"]
[Result "0-1"]
[WhiteElo "1826"]
[BlackElo "2090"]
[PlyCount "74"]
[EventDate "2015.03.09"]
[EventType "swiss"]
[EventRounds "9"]
[EventCountry "ESP"]
[Source "lmi"]
[SourceDate "2015.03.09"]

1. e4 e6 2. d4 d5 3. Nd2 Be7 4. Ngf3 Nf6 5. e5 Nfd7 6. Bd3 c5 7. c3 Nc6 8. O-O
Qb6 9. dxc5 Nxc5 10. Bc2 O-O 11. Nb3 Ne4 12. Qe2 f5 13. exf6 Nxf6 14. Nbd4 Nxd4
15. Nxd4 Bc5 16. Nf3 Bd7 17. Ne5 Bb5 18. Bd3 Bxd3 19. Nxd3 Rae8 20. Nxc5 Qxc5
21. Be3 Qc7 22. f3 e5 23. Qb5 b6 24. Rad1 Rd8 25. Qb4 Qf7 26. Bg5 Rd7 27. Bxf6
Qxf6 28. Qb3 Rfd8 29. Rfe1 Kh8 30. Qb4 h6 31. Qg4 Qd6 32. Qg3 Qc5+ 33. Qf2 d4
34. Rd3 Qc4 35. Red1 Qxa2 36. cxd4 exd4 37. Rxd4 Rxd4 0-1

[Event "Madrid ch - Semifinal A "]
[Site "Madrid ESP"]
[Date "2015.03.16"]
[Round "4.9"]
[White "Lorenzo Bailador, Alfredo"]
[Black "Blanco Sanchez, Jose Fernando"]
[Result "1/2-1/2"]
[WhiteElo "1998"]
[BlackElo "2062"]
[PlyCount "45"]
[EventDate "2015.03.09"]
[EventType "swiss"]
[EventRounds "9"]
[EventCountry "ESP"]
[Source "lmi"]
[SourceDate "2015.03.09"]

1. e4 c6 2. d4 d5 3. exd5 cxd5 4. Bd3 Nc6 5. c3 g6 6. Nf3 Nh6 7. Bf4 Bf5 8. O-O
Bxd3 9. Qxd3 Bg7 10. Nbd2 O-O 11. Rfe1 e6 12. Qb5 Qb6 13. Qxb6 axb6 14. Nb3
Rfc8 15. a3 Bf8 16. Ne5 Nxe5 17. Bxe5 Nf5 18. Nc1 Bh6 19. Nd3 Ne7 20. Bf4 Bg7
21. Be5 Bh6 22. Bf4 Bg7 23. Be5 1/2-1/2

[Event "Madrid ch - Semifinal A "]
[Site "Madrid ESP"]
[Date "2015.03.16"]
[Round "4.10"]
[White "Beyerholm, Arne"]
[Black "Marin Aso, Jose Luis"]
[Result "1-0"]
[WhiteElo "2058"]
[BlackElo "2073"]
[PlyCount "141"]
[EventDate "2015.03.09"]
[EventType "swiss"]
[EventRounds "9"]
[EventCountry "ESP"]
[Source "lmi"]
[SourceDate "2015.03.09"]

1. d4 Nf6 2. c4 g6 3. Nc3 Bg7 4. e4 d6 5. f3 O-O 6. Be3 e5 7. Nge2 Nc6 8. d5
Ne7 9. g4 Nd7 10. Qd2 a5 11. O-O-O Nc5 12. Kb1 f5 13. h3 Ra6 14. Nc1 Kh8 15.
Nd3 b6 16. Be2 Ng8 17. h4 f4 18. Bf2 h6 19. Rc1 Nf6 20. Bd1 Nxd3 21. Qxd3 Nd7
22. h5 g5 23. Ba4 Nc5 24. Bxc5 dxc5 25. Bb5 Ra8 26. Bc6 Rb8 27. Qc2 Rf6 28. Qa4
Bf8 29. Rhd1 Bd6 30. Rd3 Bb7 31. Bxb7 Rxb7 32. Qc6 Rb8 33. Nb5 Rc8 34. Na7 Ra8
35. Nb5 Rc8 36. Nc3 Qe8 37. Qxe8+ Rxe8 38. Kc2 Rff8 39. Kb3 Kg7 40. Nb5 Ra8 41.
Ra1 Rfd8 42. Rdd1 Kf7 43. Kc2 Ke7 44. b3 Kd7 45. a3 Rdb8 46. Ra2 Ra6 47. Rda1
Rba8 48. Nc3 R6a7 49. Nd1 Ra6 50. Nf2 R6a7 51. Nd3 Ra6 52. Kb2 R6a7 53. b4 axb4
54. axb4 Rxa2+ 55. Rxa2 Rxa2+ 56. Kxa2 Kc8 57. Ka3 Kb7 58. Kb3 Ka7 59. Ka3 Kb7
60. Ka4 Ka6 61. bxc5 bxc5 62. Nc1 Kb6 63. Nb3 Bf8 64. Na5 Be7 65. Nc6 Bf6 66.
Nb8 Bg7 67. Nd7+ Ka6 68. Nxc5+ Kb6 69. Nd7+ Kb7 70. Kb5 Kc8 71. Kc6 1-0

[Event "Madrid ch - Semifinal A "]
[Site "Madrid ESP"]
[Date "2015.03.16"]
[Round "4.11"]
[White "Ballesteros Gonzalez, David"]
[Black "Tereso Martin, Antonio"]
[Result "1-0"]
[WhiteElo "2192"]
[BlackElo "2033"]
[PlyCount "85"]
[EventDate "2015.03.09"]
[EventType "swiss"]
[EventRounds "9"]
[EventCountry "ESP"]
[Source "lmi"]
[SourceDate "2015.03.09"]

1. d4 e6 2. c4 f5 3. Nc3 Nf6 4. Bg5 Bb4 5. g3 h6 6. Bd2 c5 7. e3 Nc6 8. Nf3 O-O
9. d5 Ne7 10. a3 Bxc3 11. Bxc3 exd5 12. cxd5 d6 13. Bxf6 Rxf6 14. Bg2 Qa5+ 15.
Qd2 b6 16. Qxa5 bxa5 17. Nd2 Ba6 18. O-O-O Be2 19. Rde1 Bd3 20. e4 fxe4 21.
Bxe4 Bxe4 22. Nxe4 Rf3 23. Nc3 Kf8 24. Rhf1 Rd8 25. Re3 Rf5 26. Rd3 Nc8 27. f4
g5 28. Rdf3 g4 29. Re3 Nb6 30. Re6 h5 31. Rd1 Kf7 32. Rde1 Rd7 33. Rh6 Kg7 34.
Ree6 Nxd5 35. Reg6+ Kf7 36. Rxd6 Rxd6 37. Rxd6 Ne3 38. Rd2 h4 39. Ne4 hxg3 40.
hxg3 Rh5 41. Re2 Nf5 42. Kd2 Rh3 43. Ng5+ 1-0

[Event "Madrid ch - Semifinal A "]
[Site "Madrid ESP"]
[Date "2015.03.16"]
[Round "4.12"]
[White "Gonzalez Rivera, Eduardo"]
[Black "Rottenwohrer Suarez, Juan"]
[Result "0-1"]
[WhiteElo "2088"]
[BlackElo "1640"]
[PlyCount "90"]
[EventDate "2015.03.09"]
[EventType "swiss"]
[EventRounds "9"]
[EventCountry "ESP"]
[Source "lmi"]
[SourceDate "2015.03.09"]

1. e4 c5 2. Nf3 g6 3. d4 cxd4 4. Nxd4 Bg7 5. Nc3 Nc6 6. Be3 Nf6 7. Nxc6 bxc6 8.
e5 Ng8 9. f4 f6 10. Bc4 fxe5 11. fxe5 Bxe5 12. O-O Nf6 13. Qf3 d5 14. Rad1 Bg4
15. Nxd5 Bxf3 16. Nxf6+ exf6 17. Rxd8+ Kxd8 18. Rxf3 Kc7 19. c3 a5 20. Bh6 Rhd8
21. g3 Rd1+ 22. Rf1 Rad8 23. Bb3 Rxf1+ 24. Kxf1 Rb8 25. Bc1 a4 26. Bxa4 Bxc3
27. Bb3 Be5 28. Ke2 c5 29. Kd3 g5 30. Kc2 h5 31. Be6 Rh8 32. Be3 Kd6 33. Bf5 h4
34. gxh4 gxh4 35. h3 Rg8 36. Bg4 Rxg4 37. hxg4 h3 38. Bg1 h2 39. Bxh2 Bxh2 40.
Kd3 Ke5 41. Kc4 Kf4 42. a4 Kxg4 43. a5 Bb8 44. Kb5 f5 45. Kb6 c4 0-1

[Event "Madrid ch - Semifinal A "]
[Site "Madrid ESP"]
[Date "2015.03.16"]
[Round "4.13"]
[White "Gil Sierra, Jacinto"]
[Black "Lopez De Turiso, Jose Angel"]
[Result "0-1"]
[WhiteElo "1972"]
[BlackElo "2046"]
[PlyCount "68"]
[EventDate "2015.03.09"]
[EventType "swiss"]
[EventRounds "9"]
[EventCountry "ESP"]
[Source "lmi"]
[SourceDate "2015.03.09"]

1. e4 d5 2. exd5 Qxd5 3. Nc3 Qd6 4. d4 Nf6 5. Nf3 a6 6. Bd3 Nc6 7. h3 Nb4 8.
Ne4 Nxd3+ 9. Qxd3 Nxe4 10. Qxe4 Qe6 11. Qxe6 Bxe6 12. Bf4 O-O-O 13. O-O-O f6
14. Rhe1 Bxa2 15. b3 e5 16. Be3 Ba3+ 17. Kd2 exd4 18. Bf4 Bb4+ 19. Kd3 Bxe1 20.
Rxe1 Rhe8 21. Ra1 Bxb3 22. cxb3 c5 23. Nd2 Re6 24. Nc4 b5 25. Na5 Rd5 26. Rc1
Kd7 27. Bb8 Re8 28. Ba7 Rf5 29. Rc2 Re1 30. Bxc5 Rd1+ 31. Ke4 Re5+ 32. Kf3 Rd3+
33. Kf4 g5+ 34. Kg4 Re4+ 0-1

[Event "Madrid ch - Semifinal A "]
[Site "Madrid ESP"]
[Date "2015.03.16"]
[Round "4.15"]
[White "Andalon Gomez, Carlos J"]
[Black "Camacho Casado, Demetrio"]
[Result "1-0"]
[WhiteElo "2022"]
[BlackElo "1916"]
[PlyCount "61"]
[EventDate "2015.03.09"]
[EventType "swiss"]
[EventRounds "9"]
[EventCountry "ESP"]
[Source "lmi"]
[SourceDate "2015.03.09"]

1. d4 g6 2. c4 Bg7 3. Nc3 d6 4. e4 Nc6 5. d5 Nb8 6. f4 f5 7. Bd3 fxe4 8. Nxe4
Nh6 9. Nf3 O-O 10. O-O c6 11. dxc6 Nxc6 12. Kh1 Nf5 13. Nc3 a6 14. Be4 e6 15.
g4 Nh6 16. Ng5 Nf7 17. Nxf7 Rxf7 18. Be3 Bxc3 19. bxc3 Rd7 20. f5 exf5 21. gxf5
Qe8 22. Bd5+ Kh8 23. Bd4+ Nxd4 24. Qxd4+ Qe5 25. Qxe5+ dxe5 26. f6 Rd8 27. Rae1
Rb8 28. Rxe5 b5 29. f7 Bf5 30. Rfe1 Kg7 31. Re8 1-0

[Event "Madrid ch - Semifinal A "]
[Site "Madrid ESP"]
[Date "2015.03.16"]
[Round "4.16"]
[White "Perez Cameselle, Francisco"]
[Black "Martos De La Vega, Alvar"]
[Result "0-1"]
[WhiteElo "1862"]
[BlackElo "1984"]
[PlyCount "120"]
[EventDate "2015.03.09"]
[EventType "swiss"]
[EventRounds "9"]
[EventCountry "ESP"]
[Source "lmi"]
[SourceDate "2015.03.09"]

1. Nf3 Nf6 2. g3 g6 3. Bg2 Bg7 4. O-O O-O 5. d3 d5 6. Nbd2 d4 7. e4 dxe3 8.
fxe3 c5 9. Ne5 Nfd7 10. Nxd7 Nxd7 11. Nc4 Rb8 12. a4 Nb6 13. Nxb6 Qxb6 14. Rb1
Bd7 15. Ra1 h5 16. a5 Qd6 17. e4 Bg4 18. Bf3 Bh3 19. Bg2 Qd7 20. Qf3 Bg4 21.
Qf4 e5 22. Qf2 Rbc8 23. Be3 c4 24. dxc4 Rxc4 25. c3 a6 26. Qc2 Rfc8 27. Rf2 Bf8
28. Rd2 Qe6 29. Qb3 Qc6 30. Qb6 Be7 31. Qxc6 R8xc6 32. h3 Be6 33. Kf2 Rc8 34.
Bf1 Rxe4 35. Bg2 Rxe3 36. Kxe3 Bg5+ 37. Ke2 Bc4+ 38. Ke1 Bxd2+ 39. Kxd2 Rc7 40.
Re1 f6 41. h4 Kf7 42. Be4 Bb3 43. Ra1 Rd7+ 44. Ke3 f5 45. Bf3 Kf6 46. Be2 g5
47. Ra3 f4+ 48. gxf4 gxf4+ 49. Kf2 Bf7 50. b4 e4 51. b5 axb5 52. Bxb5 e3+ 53.
Ke1 Be6 54. Bxd7 Bxd7 55. Rb3 f3 56. c4 f2+ 57. Ke2 Bg4+ 58. Kxe3 f1=Q 59. Rb6+
Ke5 60. Rb5+ Kd6 0-1

[Event "Madrid ch - Semifinal A "]
[Site "Madrid ESP"]
[Date "2015.03.16"]
[Round "4.17"]
[White "Ronco Garcia, Jose Luis"]
[Black "Lopez Heras, Arturo"]
[Result "1/2-1/2"]
[WhiteElo "1962"]
[BlackElo "1873"]
[PlyCount "130"]
[EventDate "2015.03.09"]
[EventType "swiss"]
[EventRounds "9"]
[EventCountry "ESP"]
[Source "lmi"]
[SourceDate "2015.03.09"]

1. Nf3 Nf6 2. d3 g6 3. e4 d6 4. g3 Bg7 5. Bg2 O-O 6. O-O c5 7. c3 Nc6 8. Qe2 e5
9. Rd1 Bd7 10. a4 Qc7 11. Bg5 h6 12. Bxf6 Bxf6 13. Na3 a6 14. Rac1 Na5 15. Qe3
Kg7 16. Nd2 Bxa4 17. Rf1 Nb3 18. Nxb3 Bxb3 19. f4 Rad8 20. Nb1 Be6 21. Nd2 exf4
22. gxf4 Bg4 23. h3 Bh5 24. Rce1 b5 25. Bf3 Bxf3 26. Nxf3 b4 27. d4 cxd4 28.
cxd4 Qe7 29. e5 dxe5 30. dxe5 Bh4 31. Re2 Rd5 32. Rg2 Rfd8 33. Rg4 Rd3 34. Qb6
h5 35. Rxh4 Rxf3 36. Qf6+ Qxf6 37. exf6+ Kxf6 38. Rxf3 Rd1+ 39. Kg2 Kf5 40. Re3
Rd2+ 41. Kf3 f6 42. Re8 Rxb2 43. Rc8 Rb3+ 44. Ke2 Ra3 45. Rc5+ Ke6 46. f5+ gxf5
47. Rxh5 b3 48. Kd2 Ra2+ 49. Kd3 Ra1 50. Rc6+ Ke5 51. Rb6 a5 52. Rxb3 a4 53.
Rb5+ Ke6 54. Ra5 a3 55. Kc2 f4 56. Ra6+ Kf7 57. Rf5 a2 58. Rxf4 Rh1 59. Rfxf6+
Ke7 60. Rh6 a1=Q 61. Rxa1 Rxa1 62. Kd3 Rf1 63. Ke4 Kf7 64. h4 Kg7 65. Rh5 Kg6
1/2-1/2

[Event "Madrid ch - Semifinal A "]
[Site "Madrid ESP"]
[Date "2015.03.16"]
[Round "4.19"]
[White "Pana, Dorin"]
[Black "Corral Aragon, Juan Maria"]
[Result "1/2-1/2"]
[WhiteElo "1945"]
[BlackElo "1830"]
[PlyCount "117"]
[EventDate "2015.03.09"]
[EventType "swiss"]
[EventRounds "9"]
[EventCountry "ESP"]
[Source "lmi"]
[SourceDate "2015.03.09"]

1. e4 c6 2. d4 d5 3. Nc3 dxe4 4. Nxe4 Bf5 5. Bd3 Qxd4 6. Nf3 Qd8 7. Qe2 Bxe4 8.
Qxe4 Nf6 9. Qb4 Qb6 10. Qc4 e6 11. O-O Qb4 12. Bg5 Qxc4 13. Bxc4 Nbd7 14. Rad1
h6 15. Bh4 g5 16. Bg3 Be7 17. Ne5 Nxe5 18. Bxe5 O-O 19. f4 Ng4 20. Bd4 Rfd8 21.
h3 Rxd4 22. Rxd4 Bc5 23. hxg4 Bxd4+ 24. Kh1 gxf4 25. Rxf4 Bxb2 26. Be2 Bc1 27.
Rd4 Bg5 28. Rd7 Rb8 29. Bf3 Kf8 30. Kg1 Ke8 31. Rd3 c5 32. a4 Ke7 33. c4 b6 34.
Bc6 Rd8 35. Rxd8 Kxd8 36. Kf2 Kc7 37. Be8 f6 38. Kf3 f5 39. gxf5 exf5 40. Bg6
f4 41. g3 fxg3 42. Kxg3 Kd6 43. Be8 Ke5 44. Bb5 Kd4 45. Kg4 Kc3 46. Kf3 h5 47.
Kg3 Kb4 48. Kh3 Ka5 49. Bc6 a6 50. Bb7 b5 51. axb5 axb5 52. cxb5 c4 53. Be4
Kxb5 54. Bg6 h4 55. Be4 c3 56. Kg2 Kc4 57. Kh1 Kd4 58. Bh7 Ke3 59. Bg6 1/2-1/2

[Event "Madrid ch - Semifinal A "]
[Site "Madrid ESP"]
[Date "2015.03.16"]
[Round "4.20"]
[White "Jimenez Gonzalez, Marcos"]
[Black "Sanchez Hernandez, Guillermo"]
[Result "1-0"]
[WhiteElo "1851"]
[BlackElo "2100"]
[PlyCount "37"]
[EventDate "2015.03.09"]
[EventType "swiss"]
[EventRounds "9"]
[EventCountry "ESP"]
[Source "lmi"]
[SourceDate "2015.03.09"]

1. d4 Nf6 2. c4 g6 3. g3 Bg7 4. Bg2 O-O 5. Nc3 d6 6. Nf3 Nbd7 7. O-O e5 8. e4
exd4 9. Nxd4 Nc5 10. f3 Bd7 11. Be3 Re8 12. Qd2 Ne6 13. Rac1 Nxd4 14. Bxd4 Be6
15. b3 c6 16. Rfd1 Qa5 17. Kh1 Rad8 18. Bxf6 Bxf6 19. Nd5 1-0

[Event "Madrid ch - Semifinal A "]
[Site "Madrid ESP"]
[Date "2015.03.16"]
[Round "4.22"]
[White "Perea Blanco, David"]
[Black "Martin Martin, Luis Vicente"]
[Result "1-0"]
[WhiteElo "1914"]
[BlackElo "1970"]
[PlyCount "81"]
[EventDate "2015.03.09"]
[EventType "swiss"]
[EventRounds "9"]
[EventCountry "ESP"]
[Source "lmi"]
[SourceDate "2015.03.09"]

1. d4 c5 2. e3 g6 3. Nf3 Bg7 4. g3 b6 5. Bg2 Bb7 6. c4 Nf6 7. Nc3 Qc8 8. b3
cxd4 9. exd4 d5 10. Qd3 Na6 11. Ba3 dxc4 12. bxc4 O-O 13. O-O Re8 14. Rac1 Qd8
15. Rfd1 Rc8 16. Nb5 Be4 17. Qb3 Ra8 18. Ne5 Bxg2 19. Kxg2 Nc7 20. Nc6 Qd7 21.
Ncxa7 Na6 22. c5 Rxa7 23. Nxa7 Qxa7 24. cxb6 Qb7+ 25. Kg1 Nd5 26. Bc5 e6 27.
Rc4 Rc8 28. Qb5 h5 29. Ra4 Nxc5 30. dxc5 Nc3 31. Rd7 Rxc5 32. Rxb7 Rxb5 33.
Ra8+ Kh7 34. a4 Rf5 35. Raa7 Nxa4 36. Rxa4 Bf8 37. Rc4 Kg7 38. Rd7 Bc5 39. b7
Bxf2+ 40. Kg2 Ba7 41. Rf4 1-0

[Event "Madrid ch - Semifinal A "]
[Site "Madrid ESP"]
[Date "2015.03.17"]
[Round "5.1"]
[White "Bajo Vicente, Alberto"]
[Black "Pastor Alonso De Prado, Alberto"]
[Result "0-1"]
[WhiteElo "2046"]
[BlackElo "2131"]
[PlyCount "112"]
[EventDate "2015.03.09"]
[EventType "swiss"]
[EventRounds "9"]
[EventCountry "ESP"]
[Source "lmi"]
[SourceDate "2015.03.09"]

1. d4 d5 2. Nf3 Nf6 3. c4 e6 4. g3 Be7 5. Bg2 O-O 6. O-O b6 7. cxd5 exd5 8. Ne5
Bb7 9. Nc3 c6 10. a3 Nbd7 11. Bf4 Re8 12. b4 Nf8 13. Qb3 Ne6 14. Rfd1 a6 15. e4
Nxf4 16. gxf4 Rf8 17. Rac1 Qd6 18. Nxc6 Qxc6 19. e5 Qe6 20. exf6 Bxf6 21. Nxd5
Kh8 22. f5 Qxf5 23. Nxf6 Bxg2 24. Kxg2 Qxf6 25. d5 Rad8 26. Qg3 Rd6 27. Qf3
Qg6+ 28. Kh1 Rfd8 29. Rc6 Rxc6 30. dxc6 Rxd1+ 31. Qxd1 Qxc6+ 32. Kg1 g6 33.
Qd4+ Kg8 34. Qd3 b5 35. Qd1 Kg7 36. Qd4+ Qf6 37. Qd3 h5 38. h3 Qe5 39. Kg2 Qg5+
40. Kh2 Qf4+ 41. Kg2 g5 42. Qc3+ Qf6 43. Qg3 Kh6 44. Qe3 Qc6+ 45. Kh2 Qe6 46.
Qa7 f6 47. Qa8 Kg6 48. Kg2 f5 49. Qd8 h4 50. Qh8 f4 51. Qf8 Kh7 52. Qd8 f3+ 53.
Kxf3 Qxh3+ 54. Ke4 Qe6+ 55. Kf3 Kg6 56. Qh8 Qf6+ 0-1

[Event "Madrid ch - Semifinal A "]
[Site "Madrid ESP"]
[Date "2015.03.17"]
[Round "5.2"]
[White "De La Puerta Cresis, Javier"]
[Black "Ortega Ruiz, Jose Miguel"]
[Result "0-1"]
[WhiteElo "2097"]
[BlackElo "2267"]
[PlyCount "88"]
[EventDate "2015.03.09"]
[EventType "swiss"]
[EventRounds "9"]
[EventCountry "ESP"]
[Source "lmi"]
[SourceDate "2015.03.09"]

1. d4 Nf6 2. c4 g6 3. Nc3 Bg7 4. e4 d6 5. Nf3 O-O 6. Be2 Na6 7. h3 e5 8. dxe5
dxe5 9. O-O Nc5 10. Qc2 Nh5 11. Rd1 Qe8 12. Nd5 Ne6 13. Ng5 Nhf4 14. Bxf4 Nxf4
15. Bf1 c6 16. Ne3 Qe7 17. Nf3 Qf6 18. Nd2 Qg5 19. Kh2 Ne6 20. c5 Nd4 21. Qc3
h5 22. Nec4 Be6 23. Nd6 b5 24. Qg3 Qf6 25. Nb3 h4 26. Qe3 Bxb3 27. axb3 Nc2 28.
Qe2 Nxa1 29. Rxa1 a5 30. Kg1 Rfb8 31. Qe1 Bf8 32. Rxa5 Bxd6 33. cxd6 Qxd6 34.
Qa1 Rxa5 35. Qxa5 Rd8 36. Qc3 Ra8 37. Be2 Ra1+ 38. Kh2 Qf6 39. Qe3 Qf4+ 40.
Qxf4 exf4 41. Bg4 b4 42. Bd7 c5 43. g3 hxg3+ 44. fxg3 f3 0-1

[Event "Madrid ch - Semifinal A "]
[Site "Madrid ESP"]
[Date "2015.03.17"]
[Round "5.3"]
[White "Suarez Uriel, Adrian"]
[Black "Spitzer Isbert, Ramon"]
[Result "1/2-1/2"]
[WhiteElo "2243"]
[BlackElo "2011"]
[PlyCount "100"]
[EventDate "2015.03.09"]
[EventType "swiss"]
[EventRounds "9"]
[EventCountry "ESP"]
[Source "lmi"]
[SourceDate "2015.03.09"]

1. e4 Nf6 2. e5 Nd5 3. d4 d6 4. c4 Nb6 5. exd6 exd6 6. h3 Be7 7. Nf3 O-O 8. Nc3
Re8 9. Be2 N8d7 10. O-O Nf6 11. Qc2 Nbd7 12. Bf4 Nf8 13. Bh2 Ng6 14. Rfe1 Bd7
15. Bd3 Qc8 16. Re3 Bf8 17. Rae1 Rxe3 18. Rxe3 Nh5 19. Ng5 a5 20. Rf3 Qe8 21.
Qb1 Nf6 22. Nge4 Nxe4 23. Bxe4 c6 24. h4 Be7 25. h5 Nf8 26. Re3 Qd8 27. Bc2 Bg4
28. h6 Bf6 29. hxg7 Ng6 30. c5 dxc5 31. dxc5 Bxg7 32. Ne4 Qd4 33. Nd6 Be6 34.
Qe1 Nf8 35. Be5 Qxc5 36. Bxg7 Kxg7 37. Rg3+ Ng6 38. Qd2 Qb4 39. Qd3 Qe1+ 40.
Kh2 Qxf2 41. Ne4 Qf4 42. Qc3+ f6 43. Ng5 Bg8 44. Bb3 Bxb3 45. Qxb3 Qh4+ 46. Rh3
Qf4+ 47. Kg1 Qc1+ 48. Kh2 Qf4+ 49. Rg3 Qh4+ 50. Kg1 Qd4+ 1/2-1/2

[Event "Madrid ch - Semifinal A "]
[Site "Madrid ESP"]
[Date "2015.03.17"]
[Round "5.4"]
[White "Rodriguez De Castro, Ayar"]
[Black "Cervino Rossel, Cristobal"]
[Result "1/2-1/2"]
[WhiteElo "2090"]
[BlackElo "2102"]
[PlyCount "80"]
[EventDate "2015.03.09"]
[EventType "swiss"]
[EventRounds "9"]
[EventCountry "ESP"]
[Source "lmi"]
[SourceDate "2015.03.09"]

1. d4 Nf6 2. c4 e6 3. g3 Bb4+ 4. Bd2 a5 5. Nf3 b6 6. Bg2 Bb7 7. O-O Bxd2 8.
Qxd2 O-O 9. Nc3 Ne4 10. Qc2 Nxc3 11. Qxc3 d6 12. Rad1 Nd7 13. Rfe1 f5 14. Ne5
Bxg2 15. Nxd7 Qxd7 16. Kxg2 f4 17. f3 Rf6 18. e4 Rg6 19. g4 Rh6 20. h3 Qe7 21.
Rh1 Rf8 22. Qd2 Qg5 23. Qf2 Rh4 24. d5 e5 25. a4 h5 26. Rdg1 Rf6 27. Kf1 Rh6
28. Qg2 hxg4 29. hxg4 Rxh1 30. Rxh1 Rh4 31. Rh2 Qh6 32. Kg1 g5 33. Qh1 Rxh2 34.
Qxh2 Qxh2+ 35. Kxh2 Kf8 36. Kg2 Ke7 37. Kf2 Kd7 38. Ke2 Kc8 39. Kd3 Kb7 40. Kc3
Ka6 1/2-1/2

[Event "Madrid ch - Semifinal A "]
[Site "Madrid ESP"]
[Date "2015.03.17"]
[Round "5.5"]
[White "Garcia-Ruiz Fuentes, Aitor"]
[Black "Correas Gonzalez, Jose Ramon"]
[Result "1-0"]
[WhiteElo "2007"]
[BlackElo "2091"]
[PlyCount "73"]
[EventDate "2015.03.09"]
[EventType "swiss"]
[EventRounds "9"]
[EventCountry "ESP"]
[Source "lmi"]
[SourceDate "2015.03.09"]

1. d4 Nf6 2. c4 g6 3. Nc3 Bg7 4. e4 d6 5. f4 O-O 6. Nf3 c5 7. d5 e6 8. Be2 exd5
9. cxd5 Re8 10. Nd2 Bd7 11. O-O b5 12. e5 dxe5 13. fxe5 Rxe5 14. Nf3 Re8 15.
Nxb5 Qb6 16. a4 c4+ 17. Nbd4 Qc5 18. Qc2 Rc8 19. b3 c3 20. Ba3 Qxd5 21. Bc4 Qa5
22. b4 Qc7 23. Bxf7+ Kh8 24. Bb3 Qf4 25. Rae1 Ng4 26. Qe4 Qc7 27. h3 Nf6 28.
Qd3 Nc6 29. Ng5 Nxd4 30. Qxd4 Rf8 31. Qh4 h6 32. Nf7+ Kh7 33. Ng5+ Kh8 34. Nf7+
Kh7 35. Rxf6 Bxf6 36. Qxh6+ Kg8 37. Qxg6+ 1-0